000 01660cam a22004694i 4500
003 PE-LiUPU
005 20250731173352.0
008 150706s2006 sp r 000 0 spa d
020 _a8430116001
035 _a(Sirsi) i9788430116003
040 _aPE-LiUPU
_bspa
_cPE-LiUPU
_erda
049 _aPRUA
082 0 4 _a294.3
_bL92
_221
100 1 _aLubac, Henri de Lubac,
_eautor.
245 1 0 _aBudismo y Cristianismo /
_cHenri de Lubac.
264 1 _aSalamanca :
_bSígueme,
_c2006.
300 _a222 páginas ;
_c21 centímetros
336 _atext
_2rdacontent
337 _aunmediated
_2rdamedia
338 _avolume
_2rdacarrier
505 0 _aLa caridad Budista -- Dos Árboles Cósmicos -- Nota sobre el simbolismo comparado del arte budista y del arte cristiano primitivo -- Las diversas apariencias de Cristo y de Buda.
526 _aSEG42
526 _aSEG41
526 _aSEG40
526 _aSEG39
526 _aP94
526 _aP87
526 _aP86
526 _aP85
526 _aP77
526 _aP76
526 _aP35
541 _g007-0020803;
650 0 4 _aCristianismo y budismo.
700 1 _aPikaza, Xabier,
_etr.
910 _bjv
_cng
_d20100621
942 _2ddc
_cBOOK
949 _a294.3 L92
_wDEWEY
_c1
_i61912
_lCCODEBUL1
_mBUL
_p17.00
_r0
_sY
_tBOOK
_u2015-7-6
_xTEOLOGIA
_PP35
_0COMPRA
_o.STAFF. Colección Teología
994 _aC0
_bPEPRU
596 _a1
999 _a294.3 L92
_wDEWEY
_c51018
_i61912
_f2021-11-12
_g5
_lCCODEBUL1
_mBUL
_p17.00
_r0
_sY
_tBOOK
_u2015-7-6
_xTEOLOGIA
_PP35
_0COMPRA
_o.STAFF. Colección Teología
_d51018
980 _81
_gALBERTO SANCHEZ Responsable de Automatización